LDR 01263nam a2200229 i 4500 001 000000001500 003 CaOOAMICUS 005 20260409142658.0 008 180830s1992 it u000 u ita u 040 $aSeMil$bita 100 1 $aPoppi, Angelico <1928-2017>.$0(OLS)http://semarc/name/89177 245 10$aSinossi dei quattro Vangeli :$b(duplice e triplice tradizione in evidenza) /$c[a cura di] Angelico Poppi. 260 $aPadova :$bMessaggero,$c1992. 300 $a2 v. ;$c24 cm. 650 4$aBibbia. Nuovo Testamento. Vangeli - Commentari, studi, critica, interpretazioni.$0(OLS)http://semarc/subject/537 650 4$aBibbia. Nuovo Testamento. Vangeli - Concordanze.$0(OLS)http://semarc/subject/150 774 0 $t1: Testo.$b10. ed. riveduta$g1$w()37354 774 0 $t2: Introduzione generale e ai singoli vangeli ; Commento.$b2. ed. corretta e ampliata.$z88-7026-969-8$g2$w()112800 774 0 $t2: I quattro Vangeli.$b6. ed. aggiornata, ampliata, completamente rifusa.$dPadova : Messaggero, 1998.$z88-250-0662-4$g2$w()69902 996 $6245$aSinossi dei quattro Vangeli :$b(duplice e triplice tradizione in evidenza)$9(OLS)http://semarc/title/2434 996 $6260$aPadova :$bMessaggero$9(OLS)http://semarc/publisher/29786